00435cam a2200121 4500008004100000035001200041050002400053245009000077260004000167300002100207650004300228710004200271090210s1997 mx 000 0 spa u aa47874504aZ6945.S6 bC38 199700aCatálogo de publicaciones :bFondo Editorial Universidad Politécnica de Valencia. aMéxico :bGráfica nueva, c1997 a106 p. ;c23 cm. 7aCatálogos zEspaña vBibliografias2 aUniversidad Politécnica de Valencia